Berlin underground stations Quiz Stats

Quiz not verified by Sporcle

Challenge
Share
Tweet
Embed
Score 0/196 Timer 20:00
0 Plays Today
% Correct
Alexanderplatz
88.4%
Alexanderplatz
88.4%
Alexanderplatz
88.4%
Zoologischer Garten
83%
Zoologischer Garten
83%
Warschauer Straße
82.7%
Pankow
81.4%
Pankstraße
81.1%
Brandenburger Tor
80.8%
Hauptbahnhof
80.4%
Potsdamer Platz
80.3%
Nollendorfplatz
79.6%
Nollendorfplatz
79.6%
Nollendorfplatz
79.6%
Nollendorfplatz
79.6%
Kottbusser Tor
79.2%
Kottbusser Tor
79.2%
Bundesplatz
79.2%
Kurfürstendamm
79%
Kurfürstendamm
79%
Friedrichstraße
78.3%
Wittenbergplatz
77.8%
Wittenbergplatz
77.8%
Wittenbergplatz
77.8%
Gleisdreieck
76.4%
Gleisdreieck
76.4%
Bundestag
75.7%
Stadtmitte
75.6%
Stadtmitte
75.6%
Osloer Straße
75.5%
Osloer Straße
75.5%
Rathaus Spandau
75.5%
Hallesches Tor
75.2%
Hallesches Tor
75.2%
Hermannplatz
75.1%
Hermannplatz
75.1%
Rosa-Luxemburg-Platz
74.9%
Alt-Tegel
74.7%
Hermannstraße
74.5%
Schlesisches Tor
74.2%
Uhlandstraße
73.9%
Rathaus Steglitz
73.8%
Mehringdamm
73.3%
Mehringdamm
73.3%
Görlitzer Bahnhof
73.2%
Rudow
72.9%
Ruhleben
72.7%
Olympia-Stadion
72.6%
Frankfurter Tor
72.2%
Hönow
71.9%
Möckernbrücke
71.8%
Möckernbrücke
71.8%
Schönhauser Allee
71.5%
Krumme Lanke
71.4%
Kurfürstenstraße
71.3%
Tempelhof
71.3%
Jannowitzbrücke
71.2%
Frankfurter Allee
71.1%
Berliner Straße
70.9%
Berliner Straße
70.9%
Alt-Mariendorf
70.7%
Eberswalder Straße
70.6%
Innsbrucker Platz
70.6%
Wedding
70.2%
Wittenau
70.1%
Prinzenstraße
69.7%
% Correct
Onkel Toms Hütte
69.2%
Gesundbrunnen
68.8%
Französische Straße
68.4%
Senefelderplatz
68.4%
Neukölln
68.2%
Kochstraße
68.2%
Karl-Marx-Straße
68.1%
Rathaus Neukölln
68.1%
Märkisches Museum
68%
Deutsche Oper
67.9%
Rosenthaler Platz
67.4%
Bayerischer Platz
67.2%
Bayerischer Platz
67.2%
Yorckstraße
67%
Rathaus Schöneberg
66.9%
Moritzplatz
66.7%
Bernauer Straße
66.6%
Vinetastraße
66.2%
Oranienburger Tor
66.2%
Heinrich-Heine-Straße
66.1%
Südstern
66%
Mendelssohn-Bartholdy-Park
65.7%
Bismarckstraße
65.7%
Bismarckstraße
65.7%
Bülowstraße
65.6%
Heidelberger Platz
65.6%
Turmstraße
65.4%
Fehrbelliner Platz
65.2%
Fehrbelliner Platz
65.2%
Mohrenstraße
65.2%
Weinmeisterstraße
65.2%
Platz der Luftbrücke
65.1%
Ernst-Reuter-Platz
65%
Dahlem-Dorf
65%
Spittelmarkt
65%
Leopoldplatz
64.7%
Leopoldplatz
64.6%
Gneisenaustraße
64.2%
Schönleinstraße
64.1%
Tierpark
64%
Hansaplatz
63.7%
Schloßstraße
63.6%
Alt-Tempelhof
63.6%
Klosterstraße
63.5%
Adenauerplatz
63.5%
Boddinstraße
63.4%
Spichernstraße
63.2%
Spichernstraße
63.2%
Sophie-Charlotte-Platz
63.2%
Lichtenberg
63.2%
Kaiserdamm
62.6%
Augsburger Straße
62.4%
Freie Universität (Thielplatz)
62.1%
Viktoria-Luise-Platz
62.1%
Hausvogteiplatz
61.9%
Altstadt Spandau
61.8%
Voltastraße
61.7%
Kleistpark
61.7%
Samariter Straße
61.5%
Westhafen
61.3%
Naturkundemuseum
61%
Theodor-Heuss-Platz
61%
Seestraße
60.8%
Richard-Wagner-Platz
60.7%
Hohenzollernplatz
60.7%
Leinestraße
60.7%
% Correct
Wilmersdorfer Straße
60.4%
Weberwiese
59.7%
Jungfernheide
59.3%
Schillingstraße
59.1%
Afrikanische Straße
59.1%
Neu-Westend
58.9%
Podbielskiallee
58.9%
Oskar-Helene-Heim
58.1%
Cottbusser Platz
57.9%
Zitadelle
57.8%
Strausberger Platz
57.8%
Friedrich-Wilhelm-Platz
57.8%
Breitenbachplatz
57.4%
Birkenstraße
57.4%
Walther-Schreiber-Platz
57.3%
Rüdesheimer Platz
56.8%
Reinickendorfer Straße
56.6%
Eisenacher Straße
56.2%
Amrumer Straße
56.2%
Siemensdamm
56.2%
Blissestraße
55.9%
Paradestraße
55.9%
Nauener Platz
55.7%
Rathaus Reinickendorf
55.7%
Friedrichsfelde
55.4%
Magdalenenstraße
54.7%
Konstanzer Straße
54.5%
Kaiserin-Augusta-Straße
54.5%
Jakob-Kaiser-Platz
54.4%
Grenzallee
54.2%
Kurt-Schumacher-Platz
53.9%
Hellersdorf
53.6%
Schwartzkopffstraße
53.6%
Karl-Bonhoeffer-Nervenklinik
52.5%
Otisstraße
52.3%
Britz-Süd
52.1%
Rohrdamm
52.1%
Paracelsus-Bad
51.6%
Borsigwerke
51.3%
Mierendorffplatz
51.1%
Zwickauer Damm
50.8%
Güntzelstraße
50.6%
Haselhorst
50.4%
Biesdorf-Süd
49.7%
Kaulsdorf-Nord
49.6%
Ullsteinstraße
49.4%
Franz-Neumann-Platz
49.4%
Louis-Lewin-Straße
49.3%
Residenzstraße
49.3%
Blaschkoallee
48.9%
Wuhletal
48.8%
Lindauer Allee
48.4%
Rehberge
48.3%
Wutzkyallee
48.2%
Paulsternstraße
48.1%
Parchimer Allee
48.1%
Westphalweg
47.4%
Halemweg
47.4%
Lipschitzallee
47.2%
Johannistaler Chaussee
46.7%
Scharnweberstraße
45.4%
Holzhauser Straße
45.3%
Elsterwerdaer Platz
44%
Kienberg (Gärten der Welt)
44%

You're not logged in!

Compare scores with friends on all Sporcle quizzes.
Sign Up with Email
OR
Log In

You Might Also Like...

Show Comments

Extras

Top Quizzes Today


Score Distribution

Your Account Isn't Verified!

In order to create a playlist on Sporcle, you need to verify the email address you used during registration. Go to your Sporcle Settings to finish the process.